Angielskie nazwy napojów - Statystyki

Ogólne statystyki
  • Ten quiz został rozwiązany 126 razy
  • Średni wynik to 18 z 24
Statystyki odpowiedzi
Polski Angielski % Poprawnych
Mleko Milk
98%
Herbata Tea
97%
Piwo Beer
96%
Rum Rum
95%
Bubble tea Bubble tea
93%
Kawa Coffee
93%
Sok Juice
93%
Whisky Whisky
93%
Yerba mate Yerba mate
92%
Woda mineralna Mineral water
91%
Koktajl Cocktail
89%
Wino Wine
89%
Jogurt Yoghurt
87%
Lemoniada Lemonade
86%
Wódka Vodka
84%
Napój energetyzujący Energy drink
71%
Kakao Cocoa
62%
Woda gazowana Sparkling water
62%
Ajran Ayran
57%
Napój izotoniczny Isotonic drink
54%
Woda niegazowana Still water
49%
Kefir Kefir
43%
Maślanka Buttermilk
21%
Oranżada Orange soda
6%
Nie znaleziono quizów pasujących do podanych kryteriów
Rozkład punktacji
Procent ludzi z każdym wynikiem
Percentyl według liczby udzielonych odpowiedzi
Twoja historia wyników
Nie rozwiązałeś tego quizu